Manchester City Players Quiz - Statistics

General Stats
  • This quiz has been taken 613 times
    189 since last reset
  • The average score is 20 of 27
Answer Stats
# Nation Player % Correct
9 Norway Erling Haaland
95%
17 Belgium Kevin De Bruyne
95%
16 Spain Rodri
92%
47 United Kingdom (England) Phil Foden
90%
11 Belgium Jérémy Doku
88%
19 Germany İlkay Gündoğan
87%
25 Switzerland Manuel Akanji
87%
7 Egypt Omar Marmoush
87%
20 Portugal Bernardo Silva
86%
6 Netherlands Nathan Aké
86%
3 Portugal Rúben Dias
86%
5 United Kingdom (England) John Stones
84%
24 Croatia Joško Gvardiol
84%
8 Croatia Mateo Kovačić
84%
31 Brazil Ederson
82%
10 United Kingdom (England) Jack Grealish
79%
52 Norway Oscar Bobb
77%
26 Brazil Savinho
75%
45 Uzbekistan Abdukodir Khusanov
71%
27 Portugal Matheus Nunes
66%
82 United Kingdom (England) Rico Lewis
65%
18 Germany Stefan Ortega
60%
- Spain Nico González
49%
87 United Kingdom (England) James McAtee
46%
22 Brazil Vitor Reis
38%
33 United Kingdom (England) Scott Carson
36%
- Argentina Claudio Echeverri
31%
No matching quizzes found
Score Distribution
Percent of People with Each Score
Percentile by Number Answered
Your Score History
You have not taken this quiz since the last reset